| 000 | 01199nam a2200241Ia 4500 | ||
|---|---|---|---|
| 003 | Ost | ||
| 005 | 20260507075259.0 | ||
| 008 | 260507s9999||||xx |||||||||||||| ||und|| | ||
| 020 | _a24426599619 | ||
| 040 | _cfsecg | ||
| 041 | _aara | ||
| 082 | _a330 | ||
| 100 |
_aمسعداوي، يوسف _eمؤلف |
||
| 245 | 0 |
_aدراسات في التجارة الدولية / _c يوسف مسعداوي |
|
| 260 |
_aالجزائر: _bدار هومه, _c2010 |
||
| 300 |
_a247 صفحة؛ _bإيضاحات ؛ _c23 سم |
||
| 504 | _aالمراجع ص.243(اقتناءات 2014 3ن) | ||
| 520 | _aماهية التجارة الدولية ، نظريات التجارة الدولية و سياساتها ، الانتقال من الجات الى المنظمة العالمية للتجارة ، التجاه للتكامل الاقتصادي ، اتفاقية الشراكة الأورومتوسطية الجزائرية ، واقع و آفاق الاستثمار الاجنبي المباشر في الدول العربية . | ||
| 653 | _aالتجارة الدولية | ||
| 653 | _aالتكامل الإقتصادي | ||
| 653 | _aمنظمة التجارة العالمية | ||
| 942 | _cكتاب | ||
| 999 |
_c43782 _d43782 |
||